Modelovanie entít na základe analýzy anonymnej komunikácie za cieľom zlepšenia produktu
Gespeichert in:
| 1. Verfasser: | |
|---|---|
| Weitere Verfasser: | |
| Format: | Manuskript Buch |
| Sprache: | Slowakisch |
| Veröffentlicht: |
2023
|
| Schlagworte: | |
| Online-Zugang: | http://is.stuba.sk/zp/portal_zp.pl?podrobnosti=170106 |
| Tags: |
Keine Tags, Fügen Sie das erste Tag hinzu!
|
MARC
| LEADER | 00000ntm a22000003a 4500 | ||
|---|---|---|---|
| 001 | stuzp94831 | ||
| 003 | SK-STU | ||
| 005 | 20230909223243.1 | ||
| 007 | ta | ||
| 008 | 150427s2015----xo-----f-mn---000-0-slo-d | ||
| 040 | |a STU |b slo | ||
| 041 | 0 | |a slo | |
| 100 | 1 | |a Glemba, Matej |u 070400 |4 aut |U FIIT Fakulta informatiky a informačných technológií |T FIIT Ústav počítačového inžinierstva a aplikovanej informatiky |X 92018 |U I400 |Y 672 |7 92018 | |
| 242 | 0 | 1 | |a Modeling Entities Based on Anonymous Communication Analysis in Order to Improve a Product |y eng |
| 245 | 1 | 0 | |a Modelovanie entít na základe analýzy anonymnej komunikácie za cieľom zlepšenia produktu |
| 260 | |c 2023 | ||
| 650 | 4 | |a Modelovanie entít |2 slo | |
| 650 | 4 | |a LDA |2 slo | |
| 650 | 4 | |a Textová analýza |2 slo | |
| 650 | 4 | |a LDA |2 eng | |
| 650 | 4 | |a Text analysis |2 eng | |
| 650 | 4 | |a Entity modeling |2 eng | |
| 700 | 1 | |a Marko, Richard |u 070400 |k Z2 |4 ths |U FIIT Fakulta informatiky a informačných technológií |T FIIT Ústav počítačového inžinierstva a aplikovanej informatiky |X 116343 |U I400 |Y 672 |7 116343 | |
| 856 | 4 | |u http://is.stuba.sk/zp/portal_zp.pl?podrobnosti=170106 | |